[Event "FRA T IV 09-10"]
[Site "Champagne Ardennes"]
[Date "2009.10.18"]
[Round "2.2"]
[White "Lambert, Alban"]
[Black "Dubuisson, Thomas"]
[Result "0-1"]
[WhiteElo "1860"]
[BlackElo "2010"]
[PlyCount "110"]
[EventDate "2009.11.26"]
[EventType "match"]
[EventCountry "FRA"]

1. e4 e6 2. d4 d5 3. e5 c5 4. c3 Nc6 5. Nf3 Qb6 6. b3 Bd7 7. Be2 Nh6 8. Na3
cxd4 9. Nxd4 Nxd4 10. Qxd4 Qxd4 11. cxd4 Bb4+ 12. Kf1 Bc3 13. Bxh6 Bxa1 14.
Bxg7 Rg8 15. Bf6 Rc8 16. g3 a6 17. Bd3 Rg4 18. f4 Bxd4 19. Kg2 Rc3 20. Bxh7 Bc6
21. Rd1 Bc5 22. Kh3 Rxf4 23. Nc4 Rf2 24. Nd2 Be7 25. Bxe7 Kxe7 26. Nf1 Bb5 27.
Nd2 Re3 28. a4 Bc6 29. Bb1 Rxe5 30. Bd3 Rh5+ 31. Kg4 Rhxh2 32. Nf3 f5+ 33. Kf4
d4 34. Bc4 Rxf3+ 35. Ke5 Rxg3 36. Rxd4 Rf2 37. Rd1 Re3+ 38. Kd4 Rff3 39. Kc5
Rc3 40. Kb6 e5 41. Re1 e4 42. a5 f4 43. Kc5 e3 44. Kd4 Rc2 45. b4 Rff2 46. Bd3
Rfd2 47. Rxe3+ fxe3 48. Kxe3 Rb2 49. Kd4 Bb5 50. Kc5 Rxd3 51. Kb6 Rxb4 52. Kxb7
Rc3 53. Kb6 Bd3+ 54. Ka7 Rc7+ 55. Ka8 Be4# 0-1

[Event "FRA T IV 09-10"]
[Site "Champagne Ardennes"]
[Date "2009.10.18"]
[Round "2.3"]
[White "Glod, Philippe"]
[Black "Noizet, Donatien"]
[Result "1/2-1/2"]
[WhiteElo "1919"]
[BlackElo "1840"]
[PlyCount "62"]
[EventDate "2009.11.26"]
[EventType "match"]
[EventCountry "FRA"]

1. e4 e5 2. Nf3 Nc6 3. d4 exd4 4. Nxd4 Nxd4 5. Qxd4 Qf6 6. Be3 b6 7. Nc3 Bb7 8.
O-O-O O-O-O 9. Qxf6 Nxf6 10. Bg5 Be7 11. f3 Nd5 12. Bxe7 Nxe7 13. Bc4 f5 14. e5
Ng6 15. Bd3 Nxe5 16. Bxf5 g6 17. Be4 Bxe4 18. Nxe4 Rde8 19. Rhe1 Rhf8 20. b3
Nc6 21. a3 Re7 22. Nf2 Rfe8 23. Rxe7 Nxe7 24. Re1 Kd8 25. Kd2 Nf5 26. Rxe8+
Kxe8 27. Nd3 c5 28. c3 Ke7 29. g4 Ng7 30. Nf4 Ne6 31. Nxe6 Kxe6 1/2-1/2

[Event "FRA T IV 09-10"]
[Site "Champagne Ardennes"]
[Date "2009.10.18"]
[Round "2.4"]
[White "Lhoest, Alain"]
[Black "Hanot, Wilfried"]
[Result "1-0"]
[WhiteElo "1720"]
[BlackElo "1877"]
[PlyCount "92"]
[EventDate "2009.11.26"]
[EventType "match"]
[EventCountry "FRA"]

1. e4 c6 2. d4 d5 3. Nc3 dxe4 4. Nxe4 Bf5 5. Ng3 Bg6 6. h4 h6 7. Bc4 e6 8. N1e2
Nf6 9. Nf4 Bh7 10. c3 Bd6 11. Qb3 Bxf4 12. Bxf4 Qe7 13. O-O O-O 14. Rfe1 b6 15.
Bxe6 fxe6 16. Rxe6 Qf7 17. Rae1 Nd5 18. Bd6 Rc8 19. c4 Nf6 20. Re7 Qg6 21. Qe3
Nbd7 22. Qe6+ Kh8 23. h5 Qg5 24. Qh3 c5 25. f4 Qg4 26. Qxg4 Nxg4 27. Rxd7 cxd4
28. b3 Re8 29. Be5 Nxe5 30. fxe5 d3 31. Nf1 Bf5 32. Rd4 Re7 33. g4 Bh7 34. Nd2
Rae8 35. Nf3 Kg8 36. Re3 g5 37. Kf2 Kf7 38. Ke1 Re6 39. Rd7+ R8e7 40. Rxe7+
Rxe7 41. Kd2 Ke6 42. Nd4+ Kf7 43. Nf5 Bxf5 44. gxf5 Re8 45. Kxd3 Re7 46. Ke4
Kf8 1-0

[Event "FRA T IV 09-10"]
[Site "Champagne Ardennes"]
[Date "2009.10.18"]
[Round "2.5"]
[White "Peltriaux, Guillaume"]
[Black "Noizet, Regis"]
[Result "1-0"]
[WhiteElo "1896"]
[BlackElo "1582"]
[PlyCount "53"]
[EventDate "2009.11.26"]
[EventType "match"]
[EventCountry "FRA"]

1. e4 d6 2. f4 e5 3. Nf3 exf4 4. d4 g5 5. h3 Bg7 6. g3 fxg3 7. Bxg5 Bf6 8. Bf4
Ne7 9. Bxg3 Ng6 10. Nc3 Rg8 11. Rg1 c6 12. Qe2 Be6 13. e5 Be7 14. d5 cxd5 15.
Qb5+ Qd7 16. exd6 Bd8 17. O-O-O Bb6 18. Rg2 Bxh3 19. Re2+ Be6 20. Qxd7+ Kxd7
21. Nxd5 Bxd5 22. Rxd5 Nc6 23. Bh3+ Kd8 24. Ng5 Rg7 25. c3 a5 26. Rf5 Nh8 27.
Bh4 1-0

[Event "FRA T IV 09-10"]
[Site "Champagne Ardennes"]
[Date "2009.10.18"]
[Round "2.6"]
[White "Robert, Emmanuel"]
[Black "Fourcart, Marc"]
[Result "0-1"]
[WhiteElo "1580"]
[BlackElo "1711"]
[PlyCount "80"]
[EventDate "2009.11.26"]
[EventType "match"]
[EventCountry "FRA"]

1. e4 c5 2. Nf3 d6 3. d4 cxd4 4. Nxd4 Nf6 5. Nc3 g6 6. h3 Bg7 7. Bc4 O-O 8. Be3
Nc6 9. Qd2 Nxd4 10. Bxd4 Be6 11. Bd3 Qa5 12. O-O Rfc8 13. f4 Bc4 14. f5 Bxd3
15. cxd3 Rc6 16. fxg6 hxg6 17. Qf4 e5 18. Bxe5 Qxe5 19. Qf3 Rf8 20. Rad1 Qd4+
21. Kh1 Rc5 22. Rf2 Nd7 23. Nd5 f5 24. Ne7+ Kh7 25. Qg3 Qf6 26. Nd5 Rxd5 27.
exd5 Re8 28. Rdf1 Qe7 29. Rf4 Nf6 30. Qf3 Nh5 31. Rxf5 Ng3+ 32. Qxg3 gxf5 33.
Qf3 Qg5 34. Qxf5+ Qxf5 35. Rxf5 Re1+ 36. Kh2 Be5+ 37. g3 Re2+ 38. Kg1 Rxb2 39.
Rxe5 dxe5 40. d6 Rd2 0-1

[Event "FRA T IV 09-10"]
[Site "Champagne Ardennes"]
[Date "2009.10.18"]
[Round "2.7"]
[White "Romain, Emeline"]
[Black "Motin, Jean Charles"]
[Result "1-0"]
[WhiteElo "1740"]
[BlackElo "1570"]
[PlyCount "81"]
[EventDate "2009.11.26"]
[EventType "match"]
[EventCountry "FRA"]

1. d4 d5 2. Nf3 Bf5 3. e3 c5 4. c4 e6 5. cxd5 exd5 6. Bb5+ Nd7 7. dxc5 Bxb1 8.
Bxd7+ Qxd7 9. Rxb1 Bxc5 10. O-O Qf5 11. Ra1 Ne7 12. Qb3 Rb8 13. Qb5+ Qd7 14.
Qxc5 b6 15. Qd4 O-O 16. Bd2 Rbc8 17. Rfc1 Qb5 18. Bc3 f6 19. Qb4 Qd7 20. Rd1
Rfe8 21. Rd2 Qf5 22. Rad1 Rc7 23. Nd4 Qg6 24. Qd6 Rb7 25. Nc6 Nxc6 26. Qxc6
Rbb8 27. Qxd5+ Kh8 28. Qd7 Ra8 29. Qc7 h6 30. g3 Rec8 31. Rd8+ Rxd8 32. Rxd8+
Kh7 33. Rxa8 Qb1+ 34. Kg2 Qe4+ 35. Kf1 Qxa8 36. Bxf6 Qf8 37. Qxg7+ Qxg7 38.
Bxg7 Kxg7 39. f4 Kf6 40. e4 h5 41. Ke2 1-0

[Event "FRA T IV 09-10"]
[Site "Champagne Ardennes"]
[Date "2009.10.18"]
[Round "2"]
[White "Boillon, Vincent"]
[Black "Fageot, Julien"]
[Result "0-1"]
[WhiteElo "2166"]
[BlackElo "2040"]
[PlyCount "78"]
[EventDate "2009.11.26"]
[EventType "match"]
[EventCountry "FRA"]

1. d4 d5 2. c4 e6 3. Nc3 Nf6 4. Nf3 c6 5. Bg5 Nbd7 6. e3 Qa5 7. Be2 dxc4 8. O-O
b5 9. Bxf6 gxf6 10. Nd2 Bb4 11. a4 Qb6 12. Bf3 Bb7 13. Qc2 a6 14. b3 cxb3 15.
Nxb3 Rc8 16. a5 Qa7 17. Ne4 Ke7 18. Nbc5 f5 19. Nxd7 fxe4 20. Nb6 exf3 21.
Nxc8+ Rxc8 22. Qb2 fxg2 23. Rfd1 Bd6 24. e4 Rg8 25. e5 Bc7 26. Rac1 Qa8 27. f4
Qd8 28. Qa3+ Ke8 29. f5 exf5 30. Qf3 Bxa5 31. Qxf5 Qg5 32. Qxg5 Rxg5 33. Rc2
Bb6 34. Rxg2 Rxe5 35. Kf1 Re4 36. Rg8+ Kd7 37. Rg7 Rf4+ 38. Ke2 Bxd4 39. Rf1
Rxf1 0-1

[Event "FRA T IV 09-10"]
[Site "Champagne Ardennes"]
[Date "2009.10.18"]
[Round "2"]
[White "Collin, Stephanie"]
[Black "Tournier, Timothee"]
[Result "1/2-1/2"]
[WhiteElo "1853"]
[BlackElo "1888"]
[PlyCount "98"]
[EventDate "2009.11.26"]
[EventType "match"]
[EventCountry "FRA"]

1. d4 Nf6 2. c4 g6 3. Nc3 Bg7 4. e4 d6 5. Nf3 O-O 6. Be2 e5 7. d5 a5 8. O-O Na6
9. Ne1 Nd7 10. Be3 f5 11. f3 f4 12. Bf2 g5 13. Rb1 h5 14. a3 Nf6 15. b4 b6 16.
Nd3 axb4 17. axb4 Qe7 18. Qc2 Nd7 19. Rfc1 Rf6 20. Nb5 Bf8 21. Rb3 Rg6 22. h3
Nf6 23. c5 bxc5 24. bxc5 Ne8 25. cxd6 cxd6 26. Rc3 Bd7 27. Ne1 Nb4 28. Qb2 Na2
29. Ra1 Nxc3 30. Rxa8 Nxe2+ 31. Qxe2 Bxb5 32. Qxb5 Nc7 33. Rxf8+ Kxf8 34. Qb8+
Ne8 35. Qc8 Qf7 36. Nd3 Kg7 37. Nb4 g4 38. hxg4 hxg4 39. fxg4 Nf6 40. Nc6 Nxe4
41. Nd8 Qe8 42. Bh4 Nc5 43. Qc7+ Kg8 44. Nc6 Kh8 45. Ne7 Ne4 46. Nxg6+ Qxg6 47.
Qd8+ Kg7 48. Qc7+ Qf7 49. Be7 f3 1/2-1/2

[Event "FRA T IV 09-10"]
[Site "Champagne Ardennes"]
[Date "2009.10.18"]
[Round "2"]
[White "Delmont, Jean Robert"]
[Black "Guyot, Philippe"]
[Result "1/2-1/2"]
[WhiteElo "1977"]
[BlackElo "2001"]
[PlyCount "84"]
[EventDate "2009.11.26"]
[EventType "match"]
[EventCountry "FRA"]

1. d4 d6 2. c4 e5 3. Nf3 Nd7 4. Nc3 exd4 5. Qxd4 Ngf6 6. Nd5 Nxd5 7. cxd5 Nf6
8. e4 Be7 9. Bb5+ Bd7 10. Bxd7+ Qxd7 11. O-O O-O 12. h3 h6 13. Be3 a5 14. Rac1
a4 15. Rc4 c5 16. dxc6 bxc6 17. e5 Nd5 18. Bd2 Qb7 19. Rxa4 c5 20. Qe4 Rxa4 21.
Qxa4 Nb6 22. Qb5 d5 23. Ba5 Rb8 24. Rd1 d4 25. Nd2 Qa7 26. Bxb6 Rxb6 27. Qe8+
Bf8 28. Nb3 Re6 29. Qb5 Rxe5 30. a3 Qe7 31. Kf1 Qc7 32. Rc1 Qe7 33. Qd3 Qd6 34.
Nd2 Re8 35. Nf3 Qf4 36. Qd2 Qb8 37. Re1 Qb5+ 38. Kg1 Rb8 39. b4 d3 40. bxc5
Bxc5 41. Rd1 Rd8 42. Ne1 Bxa3 1/2-1/2

[Event "FRA T IV 09-10"]
[Site "Champagne Ardennes"]
[Date "2009.10.18"]
[Round "2"]
[White "Cazzaro, Dorian"]
[Black "Chittier, Celine"]
[Result "1-0"]
[WhiteElo "1856"]
[BlackElo "1879"]
[PlyCount "105"]
[EventDate "2009.11.26"]
[EventType "match"]
[EventCountry "FRA"]

1. e4 e5 2. Nf3 Nc6 3. Bc4 Bc5 4. c3 Nf6 5. d4 exd4 6. e5 d5 7. Bb5 Ne4 8. cxd4
Bb4+ 9. Nbd2 O-O 10. Bxc6 bxc6 11. Qa4 c5 12. dxc5 Bxc5 13. Nxe4 dxe4 14. Qxe4
Ba6 15. Be3 Bb6 16. Rd1 Qe7 17. Bxb6 axb6 18. Nd2 c5 19. e6 Rfe8 20. f3 Qxe6
21. Qxe6 Rxe6+ 22. Kf2 Re2+ 23. Kg3 f6 24. Rhe1 Rd8 25. Nb3 Rxd1 26. Rxd1 Rxb2
27. Rd6 Bf1 28. Kf4 c4 29. Nd2 Bd3 30. Ke3 Rxa2 31. Rxb6 Kf7 32. Rc6 f5 33. g3
h6 34. h4 Rc2 35. Rc5 Kf6 36. Rc6+ Ke7 37. Rc7+ Kf6 38. Rc6+ Kf7 39. Rc7+ Kf8
40. Rc8+ Ke7 41. Rc7+ Kf8 42. Rc8+ Kf7 43. Rc7+ Kg6 44. Rc6+ Kh7 45. Rc7 Kg6
46. Rc6+ Kh7 47. Rc7 Rc1 48. Kd4 Rg1 49. Nxc4 Bxc4 50. Rxc4 Rxg3 51. Ke3 g6 52.
Kf2 Rxf3+ 53. Kxf3 1-0

[Event "FRA T IV 09-10"]
[Site "Champagne Ardennes"]
[Date "2009.10.18"]
[Round "2"]
[White "Guillaume, Jean Francois"]
[Black "Dhaussy, Adrien"]
[Result "1-0"]
[WhiteElo "1822"]
[BlackElo "1861"]
[PlyCount "59"]
[EventDate "2009.11.26"]
[EventType "match"]
[EventCountry "FRA"]

1. Nf3 c5 2. g3 d5 3. Bg2 Nc6 4. d3 Nf6 5. Nbd2 Bg4 6. h3 Bh5 7. O-O e6 8. Re1
Qc7 9. c3 Bd6 10. e4 d4 11. Nc4 e5 12. g4 Bg6 13. cxd4 cxd4 14. Qa4 O-O 15. Bd2
a5 16. Rac1 Qe7 17. a3 b5 18. Qxb5 Na7 19. Qa4 Rfb8 20. Nxd4 exd4 21. e5 Bxa3
22. exf6 Qxf6 23. Bxa8 Rxa8 24. Qxa3 Qf3 25. Qe7 f6 26. Qe6+ Kh8 27. Nd6 Rf8
28. Nf7+ Bxf7 29. Qxf7 Rg8 30. Re8 1-0

[Event "FRA T IV 09-10"]
[Site "Champagne Ardennes"]
[Date "2009.10.18"]
[Round "2"]
[White "Jouneau, Quentin"]
[Black "Aubriet, Laurent"]
[Result "1-0"]
[WhiteElo "2025"]
[BlackElo "2034"]
[PlyCount "65"]
[EventDate "2009.11.26"]
[EventType "match"]
[EventCountry "FRA"]

1. e4 c5 2. Nf3 Nc6 3. Nc3 d6 4. d4 cxd4 5. Nxd4 Nf6 6. Be2 e5 7. Nb3 Be7 8.
Bg5 a6 9. Qd2 b5 10. Bxf6 gxf6 11. Qd5 Qc7 12. Bxb5 axb5 13. Nxb5 Qd7 14. Rd1
Rg8 15. Nc5 dxc5 16. Qxd7+ Bxd7 17. Nc7+ Kf8 18. Nxa8 Be6 19. Nb6 Rxg2 20. Nd5
Bg4 21. Rd3 Bh5 22. Ra3 Bg6 23. Ne3 Rg5 24. f3 Nd4 25. Kf2 Rh5 26. Ra8+ Kg7 27.
c3 Ne6 28. a4 Nf4 29. a5 Nd3+ 30. Ke2 Nxb2 31. a6 Na4 32. Nd5 Bf8 33. a7 1-0

[Event "FRA T IV 09-10"]
[Site "Champagne Ardennes"]
[Date "2009.10.18"]
[Round "2"]
[White "Ferrand, Christophe"]
[Black "Barreau, Samuel"]
[Result "1-0"]
[WhiteElo "1904"]
[BlackElo "1860"]
[PlyCount "57"]
[EventDate "2009.11.26"]
[EventType "match"]
[EventCountry "FRA"]

1. e4 c6 2. d4 d5 3. Nc3 dxe4 4. Nxe4 Bf5 5. Ng3 Bg6 6. h4 h5 7. Nf3 Nd7 8. Bd3
Bxd3 9. Qxd3 Ngf6 10. Bd2 e6 11. O-O-O Qc7 12. Kb1 O-O-O 13. Qe2 Bd6 14. Ne4
Nxe4 15. Qxe4 Nf6 16. Qe2 Bf4 17. Bb4 Nd5 18. Bc5 b6 19. Ba3 Bd6 20. Bxd6 Rxd6
21. Ne5 Kb7 22. c4 Nf6 23. Rh3 Rhd8 24. Rhd3 Kb8 25. c5 Rd5 26. cxb6 axb6 27.
Rc3 Qxe5 28. dxe5 Rxd1+ 29. Rc1 1-0

[Event "FRA T IV 09-10"]
[Site "Champagne Ardennes"]
[Date "2009.10.18"]
[Round "2"]
[White "Guerin, Antonin"]
[Black "Vega, Emmanuel"]
[Result "1/2-1/2"]
[WhiteElo "1860"]
[BlackElo "1630"]
[PlyCount "151"]
[EventDate "2009.11.26"]
[EventType "match"]
[EventCountry "FRA"]

1. d4 d5 2. Nf3 Nf6 3. c4 c6 4. Nc3 Bg4 5. e3 Nbd7 6. Bd2 e5 7. h3 exd4 8. hxg4
dxc3 9. Bxc3 Ne4 10. Rc1 Nxc3 11. Rxc3 Bb4 12. Qc2 Bxc3+ 13. Qxc3 Qf6 14. Qb3
Nc5 15. Qc2 O-O-O 16. cxd5 Rxd5 17. Bc4 Rd7 18. Rh5 Ne6 19. Rf5 Qd8 20. Ne5 Re8
21. Nxd7 Qxd7 22. Ra5 Nf4 23. Bf1 b6 24. Rf5 Ne6 25. b4 Nd4 26. Qc3 Nxf5 27.
gxf5 Rd8 28. Be2 Qxf5 29. Qxc6+ Kb8 30. Qc1 Qc8 31. Qb2 f6 32. a3 Qc7 33. Bf3
Qh2 34. Be2 Qxg2 35. Qb1 Qd5 36. Qc1 h5 37. Qb1 h4 38. Qh7 Qd2+ 39. Kf1 Qc1+
40. Kg2 Qxa3 41. Qxh4 Qc3 42. Bf3 Qe5 43. Qc4 Qg5+ 44. Kf1 Rc8 45. Qd5 Rc1+ 46.
Ke2 Kc8 47. Qa8+ Kd7 48. Qxa7+ Ke8 49. Qxb6 Qe5 50. Bc6+ Kf7 51. Qb7+ Kg6 52.
Be4+ Kh6 53. Qd5 Qxd5 54. Bxd5 Rb1 55. Bf7 Rxb4 56. f4 g5 57. Kf3 Kg7 58. Bh5
Kf8 59. Kg4 Ke7 60. Bg6 Ke6 61. Bf5+ Kf7 62. Bh7 Kg7 63. Bf5 Kh6 64. Bc2 Rc4
65. Bf5 Rc3 66. Kf3 Kh5 67. Bg4+ Kh4 68. Bd7 Rc1 69. Bf5 Rf1+ 70. Kg2 gxf4 71.
Kxf1 fxe3 72. Ke2 Kg5 73. Bd7 Kf4 74. Bc8 f5 75. Bxf5 Kxf5 76. Kxe3 1/2-1/2

[Event "FRA T IV 09-10"]
[Site "Champagne Ardennes"]
[Date "2009.10.18"]
[Round "2"]
[White "Viard, Dominique"]
[Black "Delambre, Thierry"]
[Result "1-0"]
[WhiteElo "1936"]
[BlackElo "1910"]
[PlyCount "43"]
[EventDate "2009.11.26"]
[EventType "match"]
[EventCountry "FRA"]

1. Nf3 b6 2. c4 Bb7 3. Nc3 Nf6 4. d4 e6 5. a3 Be7 6. g3 O-O 7. Bg2 d6 8. O-O
Nbd7 9. Qc2 c5 10. Rd1 Qc8 11. d5 e5 12. Nh4 Re8 13. Bh3 Qb8 14. Nf5 Bf8 15.
Ne4 Nxe4 16. Qxe4 Qd8 17. Qg4 Qf6 18. Bg5 Qg6 19. Nh4 Nf6 20. Nxg6 Nxg4 21.
Nxf8 Bc8 22. Ne6 1-0

[Event "FRA T IV 09-10"]
[Site "Champagne Ardennes"]
[Date "2009.10.18"]
[Round "2"]
[White "Robert Dehault, Etienne"]
[Black "Pithois, Fabien"]
[Result "1-0"]
[WhiteElo "1927"]
[BlackElo "1920"]
[PlyCount "97"]
[EventDate "2009.11.26"]
[EventType "match"]
[EventCountry "FRA"]

1. d4 Nf6 2. Nf3 e6 3. c4 b6 4. a3 Bb7 5. Nc3 Be7 6. d5 O-O 7. e4 exd5 8. cxd5
d6 9. Be2 Re8 10. O-O Bf8 11. Bg5 h6 12. Bxf6 Qxf6 13. Bb5 Re7 14. Nd4 g6 15.
f3 Bg7 16. Nce2 a6 17. Bc6 Nxc6 18. dxc6 Bc8 19. Qd3 Be6 20. Rad1 Ree8 21. Rd2
Qe7 22. Nf4 g5 23. Nh5 Bh8 24. h3 Rf8 25. f4 Bxd4+ 26. Qxd4 f6 27. fxg5 fxg5
28. Nf6+ Rxf6 29. Qxf6 Qxf6 30. Rxf6 Bc4 31. Rdf2 Kg7 32. Kh2 Re8 33. Kg3 Rxe4
34. Rf8 Bd5 35. Rc8 Re3+ 36. Kh2 Re7 37. Rd2 Bc4 38. Kg3 Rf7 39. b4 Re7 40. a4
Bb3 41. a5 bxa5 42. bxa5 Ba4 43. Rb2 Bxc6 44. Rc2 Bb5 45. R8xc7 Rxc7 46. Rxc7+
Kf6 47. Rh7 Kg6 48. Rb7 Bc4 49. Rb6 1-0

[Event "FRA T IV 09-10"]
[Site "Champagne Ardennes"]
[Date "2009.10.18"]
[Round "2"]
[White "Collinet, Laurent"]
[Black "Rouable, Denis"]
[Result "1-0"]
[WhiteElo "1810"]
[BlackElo "1860"]
[PlyCount "127"]
[EventDate "2009.11.26"]
[EventType "match"]
[EventCountry "FRA"]

1. g3 c6 2. Bg2 d5 3. Nf3 g6 4. d4 Bg7 5. O-O Nf6 6. Nbd2 O-O 7. c4 Nbd7 8. Re1
Re8 9. Qc2 dxc4 10. e4 b5 11. a4 Bb7 12. b4 a6 13. Bb2 Rc8 14. Nf1 Nb6 15. a5
Na4 16. Rad1 Nxb2 17. Qxb2 Qc7 18. e5 Nd5 19. Ne3 e6 20. Nxd5 cxd5 21. Qc3 Qe7
22. h4 Rcd8 23. Re2 Bf8 24. Rb1 Rc8 25. Rc2 Qd8 26. Nh2 Rc7 27. f4 Bc8 28. Nf3
h6 29. Qd2 Kg7 30. Kh2 Be7 31. Kg1 Rh8 32. Kf2 Bb7 33. Ke2 Qd7 34. Qe3 Qd8 35.
Kd2 Rc6 36. Kc3 Bxb4+ 37. Kxb4 Qe7+ 38. Kc3 Qa3+ 39. Kd2 Qxa5+ 40. Qc3 Qxc3+
41. Kxc3 Rb6 42. Ra2 Ra8 43. Ra5 Rc8 44. g4 Bc6 45. Ne1 Rcb8 46. Kb4 Bd7 47.
Nc2 Rc6 48. Kc3 Rcb6 49. Nb4 Bc8 50. Bh3 Kf8 51. Rf1 Kg7 52. f5 exf5 53. gxf5
Bb7 54. f6+ Kh8 55. Bg2 Rd8 56. Rfa1 h5 57. Nxa6 Bxa6 58. Rxa6 b4+ 59. Kb2 c3+
60. Kb3 Rxa6 61. Rxa6 Rc8 62. Ra1 Rc4 63. Bxd5 Rxd4 64. Bxf7 1-0

[Event "FRA T IV 09-10"]
[Site "Champagne Ardennes"]
[Date "2009.10.18"]
[Round "2"]
[White "Collin, Patrick"]
[Black "Marchal, Ludovic"]
[Result "0-1"]
[WhiteElo "1710"]
[BlackElo "1650"]
[PlyCount "92"]
[EventDate "2009.11.26"]
[EventType "match"]
[EventCountry "FRA"]

1. d4 Nf6 2. c4 g6 3. Nc3 Bg7 4. e4 d6 5. h3 O-O 6. Nf3 e5 7. dxe5 dxe5 8. Qxd8
Rxd8 9. Be3 Nc6 10. a3 Nd4 11. O-O-O Nb3+ 12. Kc2 Rxd1 13. Kxd1 Nd4 14. g4 Nxf3
15. g5 Nd7 16. Nd5 Nd4 17. Nxc7 Rb8 18. Ne8 Nc5 19. Nxg7 Kxg7 20. f4 Nxe4 21.
Bg2 Bf5 22. fxe5 Rd8 23. Bxe4 Bxe4 24. Rg1 Bf3+ 25. Ke1 Nc2+ 26. Kf2 Nxe3 27.
Kxf3 Rd1 28. Rxd1 Nxd1 29. b3 Nc3 30. Ke3 h6 31. h4 hxg5 32. hxg5 Kf8 33. Kd4
Nb1 34. a4 Nd2 35. b4 Ke7 36. Kd5 Kd7 37. b5 Nf3 38. c5 Nxg5 39. a5 Ne6 40. a6
bxa6 41. b6 axb6 42. cxb6 g5 43. Ke4 Kc6 44. Kf5 Kxb6 45. Kf6 g4 46. Kxf7 Nd4
0-1

[Event "FRA T IV 09-10"]
[Site "Champagne Ardennes"]
[Date "2009.10.18"]
[Round "2"]
[White "Chopin, Valerie"]
[Black "Fister, Bernard"]
[Result "0-1"]
[WhiteElo "1499"]
[BlackElo "1720"]
[PlyCount "72"]
[EventDate "2009.11.26"]
[EventType "match"]
[EventCountry "FRA"]

1. e3 e5 2. d4 exd4 3. exd4 d5 4. Nf3 Bg4 5. Bd3 Nc6 6. c3 Be7 7. O-O Qd6 8. g3
O-O-O 9. Bf4 Bxf3 10. Qxf3 Qf6 11. Nd2 h5 12. h4 Bd6 13. Bxd6 Qxf3 14. Nxf3
Rxd6 15. Ng5 Nh6 16. Rac1 f6 17. Nf3 Nf7 18. b4 g5 19. Bf5+ Kd8 20. b5 Ne7 21.
Bd3 Rg8 22. Rfe1 gxh4 23. Nxh4 Rg5 24. Re3 Nh6 25. Rce1 Rg7 26. a4 f5 27. Nxf5
Nhxf5 28. Bxf5 Nxf5 29. Re8+ Kd7 30. Rh8 Rh6 31. Rf8 Ne7 32. Kf1 h4 33. gxh4
Rxh4 34. Ra8 Nc8 35. Re5 c6 36. b6 axb6 0-1

[Event "FRA T IV 09-10"]
[Site "Champagne Ardennes"]
[Date "2009.10.18"]
[Round "2"]
[White "Talbot, Remy"]
[Black "Frezier, Sebastien"]
[Result "1/2-1/2"]
[WhiteElo "1760"]
[BlackElo "1470"]
[PlyCount "124"]
[EventDate "2009.11.26"]
[EventType "match"]
[EventCountry "FRA"]

1. d4 d5 2. c4 Nf6 3. cxd5 Bf5 4. Nc3 Nxd5 5. Qb3 Nb6 6. e4 Bd7 7. Nf3 c6 8.
Bd3 Be6 9. Qc2 Bc4 10. O-O Bxd3 11. Qxd3 e6 12. Bf4 Bd6 13. Bxd6 Qxd6 14. Rac1
N8d7 15. Rfd1 O-O 16. Ng5 Qf4 17. Nf3 Qd6 18. e5 Qe7 19. Ne4 h6 20. Nd6 Rab8
21. Nd2 Nd5 22. Qg3 N7b6 23. N2e4 Nc8 24. Rd3 Nxd6 25. Nxd6 Qg5 26. Qxg5 hxg5
27. Rb3 Nb6 28. Ra3 a6 29. Rb3 Nd5 30. Rxb7 Rxb7 31. Nxb7 Rb8 32. Nc5 Rxb2 33.
Nxa6 Rxa2 34. Nb8 Rd2 35. Nxc6 Nf4 36. Kf1 Rxf2+ 37. Kxf2 Nd3+ 38. Ke3 Nxc1 39.
Na5 Na2 40. Nc6 Nc3 41. Nb4 Kh7 42. h3 Kg6 43. g4 Nd1+ 44. Ke2 Nc3+ 45. Kf3 Nb5
46. Nc2 Nc3 47. Ne3 Nb5 48. d5 exd5 49. Nxd5 Nd4+ 50. Ke4 Ne2 51. Kf3 Ng1+ 52.
Kg2 Ne2 53. Ne7+ Kh6 54. Nf5+ Kg6 55. Kf3 Ng1+ 56. Kg2 Ne2 57. h4 gxh4 58.
Nxh4+ Kg5 59. Nf5 Kxg4 60. Nd6 Kf4 61. Nxf7 Kf5 62. Kf2 Ke6 1/2-1/2

[Event "FRA T IV 09-10"]
[Site "Champagne Ardennes"]
[Date "2009.10.18"]
[Round "2"]
[White "Louis, Andre"]
[Black "Renard, Luc"]
[Result "1-0"]
[WhiteElo "1860"]
[BlackElo "1710"]
[PlyCount "103"]
[EventDate "2009.11.26"]
[EventType "match"]
[EventCountry "FRA"]

1. e4 e6 2. d4 d5 3. e5 c5 4. c3 Nc6 5. Nf3 Qb6 6. a3 Bd7 7. b4 cxb4 8. cxb4
Rc8 9. Be2 Nge7 10. O-O Nf5 11. Bb2 Na5 12. Nc3 Nc4 13. Bxc4 dxc4 14. Qd2 Ne7
15. Rad1 Nd5 16. Ne1 Nxc3 17. Bxc3 Bc6 18. Nc2 Bd5 19. Ne3 Qc6 20. Nxd5 Qxd5
21. f4 g6 22. Qe2 Be7 23. Rde1 h5 24. Qc2 b5 25. Ra1 Kd7 26. a4 a6 27. axb5
axb5 28. Ra7+ Rc7 29. Rfa1 Rb8 30. R7a6 Rbb7 31. Qd2 Rc6 32. Ra8 Rc8 33. R8a5
Rc6 34. R1a3 Qe4 35. Kf2 Qd5 36. h3 Bd8 37. Ra8 Bb6 38. Rf8 Ke7 39. Raa8 Bd8
40. Raxd8 Qxd8 41. Rxd8 Kxd8 42. g4 hxg4 43. hxg4 Ke7 44. f5 exf5 45. d5 Ra6
46. gxf5 Rba7 47. Qg5+ Ke8 48. e6 Ra3 49. fxg6 fxe6 50. Qe5 Rxc3 51. Qxc3 exd5
52. Qh8+ 1-0

[Event "FRA T IV 09-10"]
[Site "Champagne Ardennes"]
[Date "2009.10.18"]
[Round "2"]
[White "Husson, Christophe"]
[Black "Louis, Sophie"]
[Result "1-0"]
[WhiteElo "1750"]
[BlackElo "1430"]
[PlyCount "49"]
[EventDate "2009.11.26"]
[EventType "match"]
[EventCountry "FRA"]

1. e4 e5 2. Nf3 Nc6 3. Bb5 Nf6 4. Nc3 Bc5 5. d3 h6 6. Bxc6 dxc6 7. h3 O-O 8.
O-O Re8 9. Na4 Qd6 10. Nxc5 Qxc5 11. Be3 Qd6 12. Nh2 b6 13. Kh1 Ba6 14. f4 c5
15. Qf3 Rad8 16. fxe5 Qxe5 17. Bxh6 gxh6 18. Qxf6 Qxf6 19. Rxf6 Kg7 20. Raf1
Rf8 21. Ng4 h5 22. Ne5 Rde8 23. Nd7 Rg8 24. Rxf7+ Kh6 25. Nf6 1-0

[Event "FRA T IV 09-10"]
[Site "Champagne Ardennes"]
[Date "2009.10.18"]
[Round "2"]
[White "Piermee, Emilien"]
[Black "Flamant, Jacky"]
[Result "1-0"]
[WhiteElo "2139"]
[BlackElo "1881"]
[PlyCount "55"]
[EventDate "2009.11.26"]
[EventType "match"]
[EventCountry "FRA"]

1. d4 Nf6 2. Nf3 d5 3. c4 dxc4 4. Nc3 Bg4 5. Ne5 e6 6. Nxg4 Nxg4 7. e4 Nf6 8.
Bxc4 Nc6 9. Bb5 Bb4 10. Bg5 O-O 11. Bxc6 bxc6 12. e5 h6 13. Bh4 g5 14. exf6
Qxf6 15. Bg3 Rfd8 16. Be5 Qf5 17. Qf3 c5 18. Qxf5 exf5 19. O-O-O cxd4 20. Rxd4
c5 21. Rxd8+ Rxd8 22. Rd1 Rxd1+ 23. Kxd1 Kh7 24. Nd5 Ba5 25. Bb8 a6 26. Bc7
Bxc7 27. Nxc7 a5 28. Kd2 1-0

[Event "FRA T IV 09-10"]
[Site "Champagne Ardennes"]
[Date "2009.10.18"]
[Round "2"]
[White "Prioux, Michel"]
[Black "Hacene, Hamed"]
[Result "0-1"]
[WhiteElo "1822"]
[BlackElo "1807"]
[PlyCount "118"]
[EventDate "2009.11.26"]
[EventType "match"]
[EventCountry "FRA"]

1. c4 e6 2. Nc3 Nf6 3. g3 d5 4. d4 c5 5. Nf3 cxd4 6. Nxd4 e5 7. Nf3 d4 8. Nb1
Nc6 9. Bg2 h6 10. O-O e4 11. Ne1 Bc5 12. a3 a5 13. Nc2 O-O 14. Nd2 Bf5 15. Nb3
Ba7 16. c5 d3 17. Ne3 Bh7 18. exd3 exd3 19. Ng4 a4 20. Nxf6+ Qxf6 21. Nd2 Qd4
22. Nf3 Qc4 23. Be3 Rad8 24. Rc1 Qb5 25. Nd2 Nd4 26. Rc4 Nc2 27. Qg4 Nxe3 28.
fxe3 Bxc5 29. Kh1 Bxe3 30. Rb4 Qc5 31. Rc4 Qa5 32. Ne4 Bxe4 33. Qxe4 b5 34. Rc6
d2 35. Bf3 Rfe8 36. Qg4 Bg5 37. Bd1 Re1 38. Qf3 Rxf1+ 39. Qxf1 Re8 40. Kg2 Qd8
41. Rc3 Qb6 42. Qf3 Qd4 43. h4 Bf6 44. Bc2 Qe5 45. Rd3 Qe1 46. b3 Qc1 47. Qd1
axb3 48. Bxb3 Re1 49. Qxd2 Rg1+ 50. Kf3 Qf1+ 51. Ke4 Rg2 52. Qd1 Re2+ 53. Kd5
Qf5+ 54. Kc6 Qc8+ 55. Kxb5 Qb7+ 56. Kc5 Re8 57. Ba4 Rc8+ 58. Kd6 Qe7+ 59. Kd5
Qe5# 0-1